[Event "Kalamazoo Mini-Swiss.2"]
[Site "Kalamazoo, MI"]
[Date "1998.??.??"]
[Round "?"]
[White "Carpenter, George"]
[Black "Krzyston, Joe"]
[Result "1-0"]
[WhiteElo "1605"]
[BlackElo "1605"]
[PlyCount "43"]
[EventDate "1998.??.??"]

1. e4 g5 2. d4 h6 3. Bd3 Bg7 4. c3 Nf6 5. e5 Nd5 6. Nf3 d6 7. O-O c5 8. exd6
Qxd6 9. Re1 Nc6 10. c4 Nf6 11. dxc5 Qxc5 12. Be3 Qa5 13. Nc3 g4 14. Nd4 Ne5 15.
Bf4 Nfd7 16. Nf5 Bf6 17. Nd5 e6 18. Nxf6+ Nxf6 19. Bxe5 Rg8 20. Bxf6 Qxf5 21.
Bxf5 g3 22. Qd8# 1-0

[Event "Michigan Open Reserve"]
[Site "Flint, MI"]
[Date "1998.??.??"]
[Round "?"]
[White "Carpenter, George"]
[Black "June, Brian"]
[Result "1-0"]
[WhiteElo "1605"]
[BlackElo "1775"]
[PlyCount "85"]
[EventDate "1998.09.??"]

1. Nf3 d5 2. g3 c5 3. Bg2 Nc6 4. O-O Nf6 5. d3 e5 6. Nbd2 Be7 7. c3 O-O 8. Qc2
h6 9. e4 d4 10. Nc4 Nd7 11. Bh3 b5 12. Bxd7 Bxd7 13. Ncxe5 Nxe5 14. Nxe5 Bh3
15. Re1 Bf6 16. cxd4 Qxd4 17. Nc6 Qd7 18. Na5 Qc7 19. Nb3 Rac8 20. Bf4 Qb6 21.
Qe2 c4 22. dxc4 bxc4 23. Nd2 Be6 24. Rab1 Rfd8 25. e5 Be7 26. Ne4 Bf5 27. Be3
Qb7 28. Bf4 Qc6 29. Nd6 Bxd6 30. exd6 Bxb1 31. Rxb1 Rxd6 32. Bxd6 Qxd6 33. Rd1
Qc7 34. Rc1 Kf8 35. Rc3 Re8 36. Qxc4 Re1+ 37. Kg2 Qb7+ 38. f3 Qxb2+ 39. Rc2 Qa1
40. Qc8+ Re8 41. Qc5+ Re7 42. Re2 Qf6 43. Qc8+ 1-0

[Event "Lansing Action Quads"]
[Site "Lansing, MI"]
[Date "1998.??.??"]
[Round "?"]
[White "Carl, Kevin"]
[Black "Triplett, Thomas"]
[Result "1-0"]
[WhiteElo "1705"]
[BlackElo "1925"]
[PlyCount "67"]
[EventDate "1998.??.??"]

1. e4 c5 2. Nc3 Nc6 3. f4 d6 4. Nf3 g6 5. Bb5 Bg7 6. d3 Nf6 7. O-O O-O 8. Bxc6
bxc6 9. Qe1 Rb8 10. e5 Ng4 11. Kh1 d5 12. b3 Ba6 13. Na4 c4 14. Nc5 Rb6 15.
dxc4 dxc4 16. Qe2 cxb3 17. Nxa6 b2 18. Rb1 bxc1=Q 19. Rfxc1 Qc8 20. Nc5 Rd8 21.
h3 Rd5 22. Rxb6 Rxc5 23. Ra6 Nh6 24. Rxa7 Nf5 25. Qf2 Rc3 26. Rb1 Re3 27. Kh2
Bh6 28. g3 Qe6 29. Rb3 Re4 30. Ra8+ Kg7 31. Rbb8 Bxf4 32. gxf4 Rxf4 33. Qg2 Ne3
34. Rg8+ 1-0

[Event "Lansing Mini-Swiss.2"]
[Site "Lansing, MI"]
[Date "1998.??.??"]
[Round "?"]
[White "Carl, Kevin"]
[Black "Robinson, Erik"]
[Result "1-0"]
[WhiteElo "1705"]
[BlackElo "1605"]
[PlyCount "45"]
[EventDate "1998.??.??"]

1. e4 e6 2. d4 Nf6 3. Bd3 c5 4. c3 cxd4 5. cxd4 Qb6 6. Nf3 Nc6 7. Nc3 Nxd4 8.
Nxd4 Qxd4 9. Be3 Qe5 10. f4 Qa5 11. O-O Bc5 12. Bxc5 Qxc5+ 13. Kh1 O-O 14. e5
Nd5 15. Bxh7+ Kxh7 16. Qh5+ Kg8 17. Rf3 Re8 18. Ne4 Nf6 19. Nxf6+ gxf6 20. Rg3+
Kf8 21. Qh8+ Ke7 22. Qxf6+ Kf8 23. Rh3 1-0

[Event "Michigan Open Reserve"]
[Site "Flint, MI"]
[Date "1998.??.??"]
[Round "?"]
[White "Carl, Kevin"]
[Black "Poniatowski, Don"]
[Result "1-0"]
[WhiteElo "1605"]
[BlackElo "1605"]
[PlyCount "71"]
[EventDate "1998.09.??"]

1. e4 Nf6 2. e5 Nd5 3. d4 d6 4. Nf3 g6 5. Bc4 Nb6 6. Bb3 Bg7 7. Qe2 O-O 8. O-O
e6 9. Bg5 Qd7 10. Nbd2 f5 11. exf6 Bxf6 12. Rae1 d5 13. Bxf6 Rxf6 14. Ne5 Qe7
15. f4 Nc6 16. Ng4 Nxd4 17. Nxf6+ Qxf6 18. Qd3 Nf5 19. c3 Bd7 20. Nf3 h6 21.
Ne5 c6 22. a4 Be8 23. a5 Nd7 24. Nxd7 Bxd7 25. Bc2 Kg7 26. Qd1 Re8 27. Re5 Kf7
28. Bxf5 exf5 29. Rxe8 Kxe8 30. Re1+ Kf7 31. Qb3 b5 32. axb6 axb6 33. Qxb6 Qd6
34. Qd4 Be6 35. Ra1 Qb8 36. Ra7+ 1-0

[Event "Lansing Action Quads"]
[Site "Lansing, MI"]
[Date "1998.??.??"]
[Round "?"]
[White "Carl, Kevin"]
[Black "Lapinsky, W."]
[Result "1-0"]
[WhiteElo "1605"]
[BlackElo "1605"]
[PlyCount "51"]
[EventDate "1998.??.??"]

1. e4 e5 2. Nf3 Nc6 3. Bb5 a6 4. Ba4 Nf6 5. O-O Bd6 6. Re1 O-O 7. c3 b5 8. Bc2
Bb7 9. d4 h6 10. a4 Re8 11. Na3 b4 12. Nc4 bxc3 13. bxc3 Ng4 14. h3 Nf6 15. g3
a5 16. Nh4 Ba6 17. Nxd6 cxd6 18. Nf5 d5 19. Ba3 Re6 20. dxe5 Nxe5 21. exd5 Re8
22. Nd6 Nf3+ 23. Qxf3 Rxe1+ 24. Rxe1 Rb8 25. Re8+ Nxe8 26. Qxf7+ 1-0

[Event "Lansing Action Quads"]
[Site "Lansing, MI"]
[Date "1998.??.??"]
[Round "?"]
[White "Carl, Kevin"]
[Black "Lapinsky, S."]
[Result "1-0"]
[WhiteElo "1605"]
[BlackElo "1605"]
[PlyCount "63"]
[EventDate "1998.??.??"]

1. e4 e5 2. Nf3 d6 3. d4 exd4 4. Qxd4 Nc6 5. Bb5 Bd7 6. Bxc6 Bxc6 7. Nc3 Nf6 8.
Bg5 Be7 9. O-O-O O-O 10. Rhe1 Ng4 11. Bxe7 Qxe7 12. Nd5 Qd7 13. h3 Bxd5 14.
hxg4 Be6 15. e5 d5 16. Nh2 c6 17. f4 Bxg4 18. Nxg4 Qxg4 19. Rd3 a6 20. Qf2 Rae8
21. Rh1 Re6 22. Rh4 Qf5 23. g4 Qg6 24. Kb1 f5 25. g5 Qe8 26. Rdh3 h6 27. gxh6
Rxh6 28. Rxh6 gxh6 29. Rxh6 Rf7 30. Qh4 Rg7 31. Rh8+ Kf7 32. Qf6# 1-0

[Event "Lansing Mini-Swiss.2"]
[Site "Lansing, MI"]
[Date "1998.??.??"]
[Round "?"]
[White "Carl, Kevin"]
[Black "Hall, David"]
[Result "1-0"]
[WhiteElo "1605"]
[BlackElo "1605"]
[PlyCount "57"]
[EventDate "1998.??.??"]

1. e4 e5 2. Nf3 Nc6 3. Bb5 a6 4. Ba4 Nf6 5. O-O Be7 6. Re1 b5 7. Bb3 O-O 8. c3
Bb7 9. d4 exd4 10. cxd4 d6 11. Nbd2 Qd7 12. Nf1 Rfe8 13. Ng3 Bf8 14. Bg5 Be7
15. h3 g6 16. Nh2 Nd8 17. f3 Ne6 18. Be3 Qd8 19. Qe2 d5 20. e5 Nd7 21. Rad1 Nb6
22. f4 a5 23. f5 Bb4 24. Qf2 Bxe1 25. Rxe1 Ng7 26. Ng4 Nd7 27. fxg6 fxg6 28.
Nh6+ Kh8 29. Nf7+ 1-0

[Event "Lansing Mini-Swiss.2"]
[Site "Lansing, MI"]
[Date "1998.??.??"]
[Round "?"]
[White "Carl, Kevin"]
[Black "Griffin, John"]
[Result "1-0"]
[WhiteElo "1605"]
[BlackElo "1605"]
[PlyCount "57"]
[EventDate "1998.??.??"]

1. e4 c5 2. Nc3 Nc6 3. f4 e6 4. Nf3 g6 5. d4 cxd4 6. Nxd4 Bg7 7. Ndb5 a6 8.
Nd6+ Ke7 9. Bc4 Nf6 10. O-O Ne8 11. e5 b5 12. Bb3 Nxd6 13. Qxd6+ Ke8 14. Ne4
Qb6+ 15. Kh1 Qb8 16. Qc5 Qa7 17. Qc3 Qd4 18. Qf3 Qb6 19. Be3 Qc7 20. Bc5 Bf8
21. Bxf8 Kxf8 22. Rad1 Ne7 23. Qh3 Nd5 24. Qh6+ Ke7 25. Qg7 Qd8 26. Bxd5 exd5
27. Qf6+ Ke8 28. Nd6+ Kf8 29. Qxf7# 1-0

[Event "Michigan Open Reserve"]
[Site "Flint, MI"]
[Date "1998.??.??"]
[Round "?"]
[White "Carl, Kevin"]
[Black "Councell, Keith"]
[Result "1-0"]
[WhiteElo "1605"]
[BlackElo "1605"]
[PlyCount "79"]
[EventDate "1998.09.??"]

1. e4 c6 2. d4 d5 3. exd5 cxd5 4. Bd3 Bd7 5. Bf4 e6 6. Nf3 Nc6 7. c3 Nf6 8.
Nbd2 Rc8 9. O-O Be7 10. Qe2 h6 11. Rae1 Qa5 12. Bb1 Nd8 13. Ne5 Bb5 14. Nd3 Nc6
15. Bg3 Qb6 16. Nf3 Na5 17. Nfe5 Nc4 18. Nxc4 Bxc4 19. Be5 O-O 20. f4 Ne4 21.
f5 Bd6 22. Bxd6 Qxd6 23. Qe3 Rce8 24. f6 g5 25. Nc5 Bxf1 26. Nxe4 Qf4 27. Qxf4
gxf4 28. Rxf1 dxe4 29. Rxf4 e5 30. Rg4+ Kh8 31. d5 Rg8 32. Rh4 Rg6 33. Bxe4
Rxf6 34. c4 Rc8 35. Bd3 Kg8 36. Be2 b5 37. b3 b4 38. Re4 Re8 39. c5 Ra6 40.
Bxa6 1-0

[Event "Michigan Open Reserve"]
[Site "Flint, MI"]
[Date "1998.??.??"]
[Round "?"]
[White "Carl, Kevin"]
[Black "Blaine, Roger"]
[Result "0-1"]
[WhiteElo "1605"]
[BlackElo "1700"]
[PlyCount "62"]
[EventDate "1998.09.??"]

1. e4 e6 2. d4 d5 3. Nc3 Nf6 4. Bg5 Bb4 5. e5 h6 6. Bd2 Bxc3 7. bxc3 Ne4 8. Bc1
c5 9. Qg4 Qa5 10. Ne2 g6 11. f3 Ng5 12. h4 Nh7 13. Bxh6 cxd4 14. Qxd4 Nc6 15.
Qf4 Qc7 16. Bg7 Rg8 17. Qh6 Nf8 18. f4 Ne7 19. g4 Bd7 20. Bf6 Bb5 21. Rh3 Qc4
22. Rb1 Ba6 23. Rb3 Nc6 24. Ng3 Qa4 25. Bxa6 Qxa6 26. Rb2 Na5 27. Rh2 Nc4 28.
Rb4 Ne3 29. Re2 Nxg4 30. Qg5 Nxf6 31. Qxf6 Nh7 0-1

[Event "Lansing Action Quads"]
[Site "Lansing, MI"]
[Date "1998.??.??"]
[Round "?"]
[White "Carl, Kevin"]
[Black "Baze, Lineas"]
[Result "0-1"]
[WhiteElo "1605"]
[BlackElo "2135"]
[PlyCount "73"]
[EventDate "1998.??.??"]

1. e4 c5 2. Nc3 Nc6 3. f4 e6 4. Nf3 d6 5. Bb5 Nge7 6. O-O a6 7. Bxc6+ Nxc6 8.
d3 g6 9. Be3 Bg7 10. Qe1 b5 11. e5 dxe5 12. fxe5 Nd4 13. Bxd4 cxd4 14. Ne4 O-O
15. Qf2 Bb7 16. Rae1 Rc8 17. Nd6 Rc7 18. Nxb7 Rxb7 19. Qxd4 Qxd4+ 20. Nxd4 Rd8
21. Nf3 Rc7 22. Re2 b4 23. Rff2 Rd5 24. d4 Ra5 25. Ng5 Rxa2 26. b3 Ra1+ 27. Rf1
Rxf1+ 28. Kxf1 Rd7 29. Re4 Rc7 30. Re2 Bh6 31. Ne4 Bc1 32. Nf6+ Kh8 33. Ne4 Bb2
34. Rd2 a5 35. Nc5 Bxd4 36. Nxe6 fxe6 37. Rxd4 {[Remainder unavailable]} 0-1

[Event "Lansing Action Quads"]
[Site "Lansing, MI"]
[Date "1998.??.??"]
[Round "?"]
[White "Carl, Kevin"]
[Black "Ballicora, Miguel"]
[Result "1/2-1/2"]
[WhiteElo "1605"]
[BlackElo "2085"]
[PlyCount "59"]
[EventDate "1998.??.??"]

1. e4 c5 2. Nc3 Nc6 3. f4 e6 4. Nf3 a6 5. g3 d5 6. d3 Nf6 7. Bd2 Be7 8. Bg2 Qc7
9. O-O O-O 10. a4 Rb8 11. Qe2 b5 12. axb5 axb5 13. Nd1 Bb7 14. Nf2 Ra8 15. c4
bxc4 16. dxc4 dxe4 17. Nxe4 Nxe4 18. Qxe4 Bf6 19. Qc2 Nd4 20. Nxd4 Bxd4+ 21.
Kh1 Bxg2+ 22. Kxg2 Qb7+ 23. Kh3 Rxa1 24. Rxa1 f5 25. Qa4 Qf3 26. Qd1 Qd3 27.
Bc3 Qe4 28. Bxd4 cxd4 29. Qe1 Qc6 30. Qe5 {[Remainder unavailable]} 1/2-1/2

[Event "Michigan Open"]
[Site "Flint, MI"]
[Date "1998.??.??"]
[Round "?"]
[White "Calton, Bill"]
[Black "Triplett, Thomas"]
[Result "1-0"]
[WhiteElo "2235"]
[BlackElo "2015"]
[PlyCount "53"]
[EventDate "1998.09.??"]

{9/5} 1. d4 Nf6 2. Bg5 Ne4 3. Bf4 d5 4. f3 Nf6 5. e4 dxe4 6. Nc3 exf3 7. Nxf3
Bg4 8. h3 Bxf3 9. Qxf3 c6 10. O-O-O e6 11. Bd3 Bb4 12. Rhf1 Bxc3 13. bxc3 Qd5
14. Qf2 Qxa2 15. Bxb8 Qa3+ 16. Kd2 Rxb8 17. Qg3 Nd7 18. Qxg7 Rf8 19. Bxh7 Qd6
20. Bg8 Qe7 21. h4 Nb6 22. Rde1 Nc4+ 23. Kd1 Nd6 24. Rf6 Kd7 25. Rexe6 fxe6 26.
Bxe6+ Ke8 27. Rxf8+ 1-0

[Event "Michigan Open"]
[Site "Flint, MI"]
[Date "1998.??.??"]
[Round "?"]
[White "Calton, Bill"]
[Black "Santiago, Reynaldo"]
[Result "1-0"]
[WhiteElo "2235"]
[BlackElo "2035"]
[PlyCount "119"]
[EventDate "1998.09.??"]

{9/6} 1. d4 g6 2. h4 Nf6 3. Nc3 d5 4. Bg5 Nbd7 5. Qd2 b6 6. h5 Bb7 7. hxg6 fxg6
8. Nh3 Bg7 9. Nf4 Nf8 10. g3 Ne4 11. Nxe4 dxe4 12. Bh6 Qxd4 13. Qxd4 Bxd4 14.
c3 Bxf2+ 15. Kxf2 e3+ 16. Kg1 Bxh1 17. Kxh1 O-O-O 18. Bh3+ Kb8 19. Nd3 Nd7 20.
Bxe3 Nf6 21. Ne5 Rd5 22. Nc6+ Kb7 23. Nxe7 Rh5 24. Bd4 Rf8 25. Kg2 Ne4 26. Bg4
Rg5 27. Bf3 Rxg3+ 28. Kh2 Rfxf3 29. exf3 Rxf3 30. Re1 Ng5 31. Kg2 Rd3 32. Re2
Nh3 33. Re3 Nf4+ 34. Kf3 Rxe3+ 35. Bxe3 Nd3 36. b3 c6 37. Ke4 Nb2 38. Bf4 a5
39. Be5 a4 40. b4 Nc4 41. Bf4 a3 42. Kd3 Nb2+ 43. Kc2 b5 44. Kb3 Nc4 45. Bh6
Nd6 46. Kxa3 Nf7 47. Bf4 g5 48. Bg3 h5 49. Nf5 h4 50. Nd6+ Nxd6 51. Bxd6 g4 52.
Be7 h3 53. Bd6 Kc8 54. Kb3 Kd7 55. Bg3 Ke6 56. Kc2 Kd5 57. Kd3 c5 58. a3 cxb4
59. axb4 Ke6 60. Ke4 1-0

[Event "Michigan Masters/Experts"]
[Site "Grand Rapids, MI"]
[Date "1998.??.??"]
[Round "?"]
[White "Calton, Bill"]
[Black "Fischvogt, Eric"]
[Result "1/2-1/2"]
[WhiteElo "2200"]
[BlackElo "2205"]
[PlyCount "100"]
[EventDate "1998.01.??"]

1. d4 d5 2. Bg5 c6 3. Nf3 Bf5 4. Nbd2 Nd7 5. e3 Ngf6 6. Nh4 Bg6 7. Nxg6 hxg6 8.
c4 dxc4 9. Bxc4 e6 10. O-O Be7 11. Nf3 Nd5 12. Bxe7 Qxe7 13. e4 N5b6 14. Bb3 e5
15. d5 c5 16. Qd3 g5 17. Nd2 g4 18. Qg3 Qh4 19. Bd1 Qxg3 20. fxg3 Nf6 21. Rf5
Nbd7 22. Ba4 O-O 23. Raf1 Rab8 24. Bxd7 Nxd7 25. Nc4 f6 26. Ne3 b5 27. Nxg4 c4
28. Rc1 Nc5 29. Nf2 Rfc8 30. Rf3 Na4 31. Nd1 b4 32. Kf1 Kf7 33. Rf2 c3 34. bxc3
bxc3 35. Rfc2 Rb4 36. Re2 Rbc4 37. Rcc2 Rb8 38. Kf2 Rb1 39. Ne3 Rxe4 40. Nf5
Rxe2+ 41. Kxe2 Rb2 42. Kd1 Rb1+ 43. Ke2 g6 44. Nd6+ Ke7 45. Ne4 f5 46. Nxc3
Nxc3+ 47. Rxc3 Rb2+ 48. Kd3 Rxa2 49. Rc6 Rxg2 50. Rxg6 Rxh2 1/2-1/2

[Event "Michigan Open"]
[Site "Flint, MI"]
[Date "1998.??.??"]
[Round "?"]
[White "Burke, Tim"]
[Black "Vandivier, Don"]
[Result "1-0"]
[WhiteElo "1755"]
[BlackElo "1880"]
[PlyCount "39"]
[EventDate "1998.09.??"]

{9/6} 1. e4 c5 2. Nf3 Nc6 3. d3 g6 4. g3 Bg7 5. Bg2 d6 6. c3 Bd7 7. O-O Qc8 8.
Re1 Bh3 9. Bh1 h5 10. d4 cxd4 11. cxd4 h4 12. e5 dxe5 13. d5 Nd4 14. Nxe5 hxg3
15. fxg3 Nc2 16. d6 Qc5+ 17. Be3 Nxe3 18. d7+ Kd8 19. Nxf7+ Kc7 20. d8=Q+ 1-0

[Event "Michigan Open"]
[Site "Flint, MI"]
[Date "1998.??.??"]
[Round "?"]
[White "Burke, Tim"]
[Black "Solon, Nathan"]
[Result "0-1"]
[WhiteElo "1755"]
[BlackElo "1915"]
[PlyCount "88"]
[EventDate "1998.09.??"]

{9/7} 1. e4 c5 2. Nf3 d6 3. d3 Nc6 4. g3 Nf6 5. Bg2 g6 6. c3 Bg7 7. O-O O-O 8.
Nbd2 Rb8 9. a4 a6 10. Qc2 b5 11. axb5 axb5 12. Re1 b4 13. Nc4 bxc3 14. bxc3 d5
15. exd5 Nxd5 16. Nfe5 Nxe5 17. Nxe5 Bb7 18. Ba3 Qc7 19. f4 g5 20. Rac1 gxf4
21. gxf4 Nxf4 22. Bxb7 Rxb7 23. d4 cxd4 24. cxd4 Qxc2 25. Rxc2 Bxe5 26. Rxe5
Ng6 27. Rg5 f6 28. Rgc5 Rd7 29. Rc7 Rfd8 30. Kf2 Kf7 31. Rxd7 Rxd7 32. Ke3 e6
33. Rc6 Rb7 34. Kf2 Nh4 35. Rc2 Rb3 36. Bc5 Rh3 37. Bd6 Nf5 38. Rc7+ Kg6 39.
Bc5 Rxh2+ 40. Kg1 Rd2 41. Rc6 Kf7 42. Rc7+ Ke8 43. Rxh7 Nxd4 44. Bxd4 Rxd4 0-1

[Event "Michigan Open"]
[Site "Flint, MI"]
[Date "1998.??.??"]
[Round "?"]
[White "Burke, Tim"]
[Black "Jarosz, Stan"]
[Result "0-1"]
[WhiteElo "1755"]
[BlackElo "2040"]
[PlyCount "144"]
[EventDate "1998.09.??"]

{9/5} 1. e4 c5 2. Nf3 e6 3. d3 d5 4. Nbd2 Nc6 5. g3 Nf6 6. Bg2 Be7 7. c3 O-O 8.
Qc2 b5 9. O-O a5 10. Re1 Ba6 11. Nf1 b4 12. e5 Nd7 13. g4 Bb5 14. Ng3 a4 15. g5
c4 16. d4 b3 17. Qb1 bxa2 18. Rxa2 Na5 19. h4 Nb3 20. Nh2 Bc6 21. Ng4 Re8 22.
f4 a3 23. h5 Nxc1 24. Rxc1 axb2 25. Qxb2 Rxa2 26. Qxa2 Bxg5 27. Rf1 Be7 28. Qe2
Qa5 29. Bh3 Qa4 30. Qf2 Ra8 31. f5 Qa2 32. fxe6 Qxf2+ 33. Nxf2 fxe6 34. Bxe6+
Kh8 35. Ng4 Nf8 36. Rf7 Ba3 37. Bf5 Bb2 38. e6 Bxc3 39. Ne2 Bb4 40. Ne5 Be8 41.
Rb7 Bd6 42. e7 Bxh5 43. exf8=Q+ Rxf8 44. Ng3 Bxe5 45. dxe5 Bf3 46. e6 g6 47.
Bc2 Re8 48. e7 d4 49. Rd7 d3 50. Bxd3 cxd3 51. Rd8 Bc6 52. Ne4 Kg7 53. Rxe8
Bxe8 54. Kf2 Kf7 55. Ng5+ Kxe7 56. Nxh7 Bd7 57. Ke3 Bf5 58. Kd2 Ke6 59. Ke3 Kd5
60. Kd2 Ke4 61. Ng5+ Kf4 62. Nf7 g5 63. Nd6 Be4 64. Nc4 g4 65. Ke1 g3 66. Nb2
d2+ 67. Kf1 Bc2 68. Kg2 d1=Q 69. Nxd1 Bxd1 70. Kf1 Kf3 71. Kg1 g2 72. Kh2 Kf2
0-1

[Event "Michigan Senior"]
[Site "Ann Arbor, MI"]
[Date "1998.??.??"]
[Round "?"]
[White "Burch, Daniel"]
[Black "Dolin, Jack"]
[Result "0-1"]
[WhiteElo "1760"]
[BlackElo "1605"]
[PlyCount "38"]
[EventDate "1998.06.??"]

{6/13} 1. e4 e6 2. Nf3 d5 3. exd5 exd5 4. d4 Nf6 5. Bg5 h6 6. Bh4 c5 7. dxc5
Bxc5 8. Be2 O-O 9. O-O Re8 10. Nbd2 Nc6 11. Nb3 Bb6 12. c3 g5 13. Bg3 Ne4 14.
Qc2 Nxg3 15. hxg3 Bg4 16. Rad1 Rc8 17. Bd3 Qd6 18. Bf5 Bxf3 19. gxf3 Qxg3+ 0-1

[Event "Michigan Senior"]
[Site "Ann Arbor, MI"]
[Date "1998.??.??"]
[Round "?"]
[White "Burch, Daniel"]
[Black "Brown, Ralph"]
[Result "1/2-1/2"]
[WhiteElo "1605"]
[BlackElo "1605"]
[PlyCount "90"]
[EventDate "1998.06.??"]

{6/14} 1. e4 e5 2. Nf3 Nf6 3. Nc3 Nc6 4. d4 d6 5. dxe5 dxe5 6. Qxd8+ Nxd8 7.
Nxe5 Bb4 8. f3 Bxc3+ 9. bxc3 O-O 10. Bc4 Re8 11. Nd3 Nxe4 12. Bxf7+ Nxf7 13.
fxe4 Rxe4+ 14. Kf2 Bg4 15. Re1 Rc4 16. Bd2 Rd8 17. Re3 Nd6 18. Rae1 Bf5 19. Kg1
Re4 20. Bc1 Rde8 21. h3 Rxe3 22. Rxe3 Rxe3 23. Bxe3 Nc4 24. Bxa7 b6 25. Bb8 c6
26. Nb4 c5 27. Nd3 Na3 28. Ba7 c4 29. Nb4 b5 30. Bc5 g5 31. Kf2 h5 32. Ke3 Kf7
33. Kf3 Nb1 34. Bd4 Na3 35. g4 hxg4+ 36. hxg4 Bxc2 37. Nxc2 Nxc2 38. Ke4 Ke6
39. Bc5 Ne1 40. Be3 Kf6 41. Kd5 Nd3 42. a3 Kg6 43. Kc6 Ne5+ 44. Kxb5 Nxg4 45.
Bd4 Nf6 1/2-1/2

[Event "Michigan Amateur"]
[Site "Kalamazoo "]
[Date "1998.??.??"]
[Round "?"]
[White "Brumley, Ron"]
[Black "West, Tony"]
[Result "1/2-1/2"]
[WhiteElo "1755"]
[BlackElo "1645"]
[PlyCount "116"]
[EventDate "1998.07.??"]

{7/19} 1. d4 Nf6 2. Nf3 c5 3. c3 d5 4. e3 e6 5. Bd3 b6 6. Nbd2 Bd6 7. e4 Be7 8.
e5 Nfd7 9. Qe2 O-O 10. O-O Nc6 11. a3 Qc7 12. b4 c4 13. Bc2 b5 14. h3 a5 15.
Bb2 f6 16. Rfe1 fxe5 17. Nxe5 Ndxe5 18. dxe5 axb4 19. axb4 Rxa1 20. Bxa1 Bg5
21. Qh5 Bh6 22. Nf3 Qf7 23. Bxh7+ Kh8 24. Qxf7 Rxf7 25. Bb1 Ra7 26. Bb2 Bd7 27.
g4 Bf4 28. Bc1 Bxc1 29. Rxc1 Ra3 30. Kg2 Be8 31. Ng5 Nxe5 32. Nxe6 Nd3 33. Bxd3
cxd3 34. Nf4 d2 35. Rd1 Rxc3 36. Rxd2 Rc4 37. Nd3 Rd4 38. f4 g6 39. Kf3 Kg7 40.
Ke3 Rc4 41. Rb2 d4+ 42. Kd2 Bc6 43. Ne5 Rc3 44. Nxc6 Rxc6 45. Rb3 Kf6 46. Kd3
Rc4 47. h4 Ke6 48. Rb1 Kd5 49. h5 gxh5 50. gxh5 Rc3+ 51. Kd2 Rh3 52. Rg1 Ke4
53. Rg5 Rh2+ 54. Ke1 Kxf4 55. Rxb5 Ke3 56. Re5+ Kf4 57. Ra5 Ke3 58. Re5+ Kf4
1/2-1/2

[Event "Michigan Class B"]
[Site "Grand Rapids, MI"]
[Date "1998.??.??"]
[Round "?"]
[White "Brumley, Ron"]
[Black "Thornton, Rome"]
[Result "1/2-1/2"]
[WhiteElo "1645"]
[BlackElo "1750"]
[PlyCount "83"]
[EventDate "1998.01.??"]

1. Nf3 d5 2. g3 Nc6 3. Bg2 e5 4. d3 Nf6 5. O-O Bd6 6. c4 d4 7. e3 Bc5 8. a3 a5
9. exd4 exd4 10. Re1+ Be7 11. Nbd2 O-O 12. b3 Bg4 13. h3 Bf5 14. Ne4 h6 15. Bb2
Re8 16. Nxf6+ Bxf6 17. Qd2 Qd6 18. Qc2 b6 19. Rac1 Qd7 20. c5 b5 21. Kh2 Rad8
22. Qd2 b4 23. g4 Bg6 24. Rxe8+ Rxe8 25. Ng1 bxa3 26. Bxa3 Rb8 27. Rb1 Nb4 28.
Bxb4 Rxb4 29. c6 Qe6 30. f4 Rxb3 31. Rxb3 Qxb3 32. f5 Be5+ 33. Kh1 Bh7 34. Qxa5
Bd6 35. Bd5 Qb8 36. Qa2 Qe8 37. Qc4 Kf8 38. Qxd4 Qe1 39. Bg2 Bg8 40. Qe4 Qc1
41. Qa4 Bc5 42. d4 1/2-1/2

[Event "Michigan Open"]
[Site "Flint, MI"]
[Date "1998.??.??"]
[Round "?"]
[White "Brumley, Ron"]
[Black "Sobocinski, Mike"]
[Result "1-0"]
[WhiteElo "1755"]
[BlackElo "2005"]
[PlyCount "113"]
[EventDate "1998.09.??"]

{9/5} 1. d4 d5 2. Nf3 Nf6 3. Bf4 c5 4. e3 Nc6 5. Nc3 Bg4 6. Be2 e6 7. h3 Bxf3
8. Bxf3 cxd4 9. exd4 Qb6 10. Ne2 Be7 11. b3 Rc8 12. O-O O-O 13. c3 Rfd8 14. Qd3
h6 15. Rfe1 Bd6 16. Bxd6 Rxd6 17. Nf4 Ne7 18. Qd2 Qc7 19. Ne2 Ne4 20. Bxe4 dxe4
21. c4 f5 22. Rad1 Rcd8 23. Qc3 b6 24. Rd2 Ng6 25. Qg3 Qf7 26. Qe3 Nh4 27. Red1
g5 28. Nc3 Qg6 29. d5 e5 30. b4 g4 31. hxg4 f4 32. Qh3 e3 33. Rd3 exf2+ 34.
Kxf2 e4 35. Rd4 e3+ 36. Kg1 Qc2 37. Ne4 Ng6 38. Nxd6 Qf2+ 39. Kh1 Rxd6 40. Qf3
Qh4+ 41. Kg1 Ne5 42. Qxf4 e2 43. Qxe5 exd1=Q+ 44. Rxd1 Qxg4 45. Rd4 Qd7 46. c5
bxc5 47. bxc5 Ra6 48. d6 Rc6 49. Re4 Kf7 50. Qe7+ Qxe7 51. Rxe7+ Kf8 52. Rc7
Ra6 53. c6 Rb6 54. d7 Ke7 55. Kh2 Rxc6 56. Rxc6 Kxd7 57. Rxh6 1-0

[Event "Michigan Amateur"]
[Site "Kalamazoo "]
[Date "1998.??.??"]
[Round "?"]
[White "Brumley, Ron"]
[Black "Neely, Richard"]
[Result "1-0"]
[WhiteElo "1755"]
[BlackElo "1605"]
[PlyCount "61"]
[EventDate "1998.07.??"]

{7/18} 1. d4 Nf6 2. Nf3 g6 3. c4 c5 4. d5 b5 5. cxb5 a6 6. bxa6 Bxa6 7. Nc3 Bg7
8. e4 Bxf1 9. Kxf1 d6 10. g3 O-O 11. Kg2 Nbd7 12. Qe2 Qb6 13. Nd2 Rfb8 14. Nc4
Qa6 15. a3 Ne5 16. Nxe5 dxe5 17. Qxa6 Rxa6 18. f3 e6 19. dxe6 Rxe6 20. Rd1 Reb6
21. Rb1 c4 22. Na2 Bf8 23. Rd2 Bxa3 24. Rc2 Rc6 25. Bg5 Be7 26. Bxf6 Bxf6 27.
b3 Bg5 28. b4 Be3 29. Nc3 Bd4 30. Nd5 Rb5 31. Ne7+ 1-0

[Event "Michigan Junior Invitational"]
[Site "Ann Arbor, MI"]
[Date "1998.??.??"]
[Round "?"]
[White "Brumley, Ron"]
[Black "Mankiewicz, Ryan"]
[Result "1-0"]
[WhiteElo "1755"]
[BlackElo "2050"]
[PlyCount "91"]
[EventDate "1998.??.??"]

{6/27} 1. Nf3 d6 2. g3 e5 3. Bg2 f5 4. d3 Nf6 5. Nbd2 Be7 6. O-O O-O 7. e4 c6
8. Re1 Na6 9. a4 f4 10. d4 Bg4 11. c3 Qc8 12. Qc2 fxg3 13. hxg3 Nh5 14. dxe5
Bh3 15. exd6 Bxd6 16. Nf1 Bxg2 17. Kxg2 Rxf3 18. Kxf3 Qh3 19. Be3 Rf8+ 20. Ke2
Qg2 21. Kd1 Bc5 22. f4 Rd8+ 23. Bd4 Qg1 24. Kc1 Bxd4 25. cxd4 Rxd4 26. Qb3+ Kf8
27. Qe3 Qxe3+ 28. Rxe3 Nc5 29. e5 Nxa4 30. b3 Nb6 31. Rxa7 Nd5 32. Rf3 Rb4 33.
Nd2 Ke7 34. Nc4 Kd7 35. Kb2 g6 36. Nd6 Kc7 37. Ra8 Ng7 38. Rh8 Ne6 39. Rxh7+
Kb8 40. Rh6 Nd4 41. Rd3 Ne7 42. Kc3 c5 43. Rh7 Rxb3+ 44. Kd2 Rb2+ 45. Kc1 Rc2+
46. Kb1 1-0

[Event "Michigan Junior Invitational"]
[Site "Ann Arbor, MI"]
[Date "1998.??.??"]
[Round "?"]
[White "Brumley, Ron"]
[Black "Hartwig, Thomas"]
[Result "0-1"]
[WhiteElo "1755"]
[BlackElo "2025"]
[PlyCount "80"]
[EventDate "1998.??.??"]

{6/27} 1. Nf3 d5 2. g3 Nf6 3. Bg2 Bg4 4. d3 Nbd7 5. Nbd2 e5 6. O-O Bc5 7. e4
dxe4 8. dxe4 Qe7 9. a4 O-O 10. h3 Bh5 11. Re1 Rfd8 12. c3 a5 13. Qc2 Ba7 14.
Nc4 Bxf3 15. Bxf3 Nc5 16. Ne3 Qe6 17. Nf5 Qb3 18. Qe2 Nd3 19. Rf1 Rd7 20. Ra3
Qb6 21. Be3 Qxb2 22. Qxb2 Nxb2 23. Rb3 Bxe3 24. Rxb2 Bb6 25. c4 g6 26. Nh4 Rd3
27. Be2 Rxg3+ 28. Kh2 Ra3 29. c5 Bxc5 30. Rxb7 Bb6 31. Bb5 Rd8 32. f3 Nh5 33.
Rxb6 cxb6 34. Rf2 Nf4 35. Rc2 Ra1 36. Ng2 Rad1 37. Ne3 R1d2+ 38. Rxd2 Rxd2+ 39.
Kg3 Kf8 40. Kg4 f6 0-1

[Event "Michigan Open"]
[Site "Flint, MI"]
[Date "1998.??.??"]
[Round "?"]
[White "Brumley, Ron"]
[Black "Hahn, David"]
[Result "0-1"]
[WhiteElo "1755"]
[BlackElo "2175"]
[PlyCount "96"]
[EventDate "1998.09.??"]

{9/6} 1. d4 d6 2. Nf3 g6 3. Bf4 Bg7 4. e3 Nf6 5. h3 b6 6. Nbd2 Bb7 7. Be2 O-O
8. O-O Nbd7 9. Nc4 c5 10. c3 Rc8 11. a4 Bd5 12. Nfd2 Qc7 13. Na3 Qb7 14. Bf3
Bxf3 15. Qxf3 Qxf3 16. Nxf3 Rfe8 17. Rfe1 Ne4 18. Rad1 a6 19. d5 Rb8 20. Nd2
Nxd2 21. Rxd2 b5 22. axb5 axb5 23. Nc2 Ra8 24. Ra1 Nb6 25. Rdd1 Rxa1 26. Nxa1
Nc4 27. Rb1 Ra8 28. Nc2 Ra2 29. Na3 Nd2 30. Rc1 Rxb2 31. f3 Nb3 32. Rd1 Na5 33.
Nb1 Nc4 34. Rc1 f5 35. g4 Ne5 36. Bxe5 Bxe5 37. Na3 Rb3 38. Nb1 c4 39. f4 Bg7
40. Kg2 Rb2+ 41. Kf3 Rh2 42. Kg3 Ra2 43. g5 Ra1 44. Rd1 Kf7 45. Kf3 b4 46. cxb4
c3 47. b5 c2 48. Rc1 cxb1=Q 0-1